00989cam a22002531 450000100060000000300080000600500170001400800380003103500190006904000260008804100080011408200190012210000530014124500540019426000750024830000290032350000300035250400410038260000180042394200120044199900170045395201350047095201300060530964BD-RjUL20211209051637.0140412s1927 uk 000 1eng  a(BD-RjUL)31051 aDLCcTxU-DadDLCbeng aeng a184bTAP 19601 aTaylor, A. E.q(Alfred Edward),d1869-19459407110aPlato, the man and his work /cby A.E. Taylor ... aNew York :bL. MacVeagh, The Dial press, inc.,c1927 [Reprinted 1960] a xi, 522 p., 1l.c23 cm. aPrinted in Great Britain. aBibliography at end of each chapter.00aPlato.994107 2ddccBK c30964d30964 00102ddc40708NFICaRUCLbRUCLcStackd1962-02-11eZitlingerg12.60l0o184 TAP 1960r2014-04-12 00:00:00tC-4w2014-04-12yBK 00102ddc4070aRUCLbRUCLcStackd1963-03-12eZeitlingerg12.60l0o184 TAP 1960r2014-04-13 00:00:00tC-4w2014-04-13yBK